000 00623nam a2200181 a 4500
001 000035230
005 20240513095116.0
008 111026s1970 xxua 000 0 spa d
040 _aDO-SdBNP
_bspa
_cBNPHU
130 0 _aBiblia
_pNuevo Testamento
_960982
245 1 0 _aGood news for modern man :
_bthe New Testament in today's english version.
260 _a[Nashville] :
_b[Broadman Press],
_c[1970].
300 _aiv, 600 p. :
_bil. ;
_c18 cm.
590 _aPerteneció a la biblioteca personal de Juan Isidro Jimenes Grullón
650 2 5 _aBiblia
_942079
650 2 5 _aNuevo testamento
_949695
650 2 0 _aReligión
_91906
999 _c34721
_d34721